000 00653cam a2200217M 4500
008
020 _a0713132175 (pbk.)
049 _aMAIN
090 _aT353
100 1 _aReekie, Ronald Fraser
245 1 0 _aDraughtsmanship :
_bdrawing techniques for graphic communication in architecture and building /
_cR. Fraser Reekie.
250 _a2nd ed.
260 _aLondon, Eng. :
_bArnold,
_c1969.
300 _aviii, 232 p. :
_bill. ;
_c21 cm.
650 0 _aMechanical drawing
907 _a.b10068570
_b12-08-05
_c17-04-03
003
005 20230123134042.0
040 _cNUST
942 _cBOOKS
_kT353
999 _c159200
_d159200